| 000 | 00964nam a22002537a 4500 | ||
|---|---|---|---|
| 005 | 20170124103015.0 | ||
| 010 | _aA-120057 | ||
| 020 | _c15.00 | ||
| 035 | _aA-120057 | ||
| 037 | _bCen Lib/Ret | ||
| 040 |
_aDPL _bHN |
||
| 082 |
_aउ _bआशापू |
||
| 100 |
_aआशापूर्णा देवी _959133 |
||
| 245 |
_aमन मंजूषा / _cआशापूर्णा देवी |
||
| 246 |
_aMan Manjusha / _bby Asha Purna Devi |
||
| 260 |
_aइलाहाबाद _bभारती भंडार _c1982 |
||
| 270 |
_aलीडर रोड _bइलाहाबाद |
||
| 300 |
_a79पृ. _c22सेमी (सजिल्द) |
||
| 650 |
_a हिन्दी साहित्य _959134 |
||
| 650 |
_a हिन्दी साहित्य -- उपन्यास _946379 |
||
| 650 |
_aHindi literature _959135 |
||
| 650 |
_aHindi literature -- Fiction _959136 |
||
| 942 |
_2ddc _cHN _hउ _mआशापू |
||
| 999 |
_c114881 _d114881 |
||